=LDR 00000nam 2200000 4500 =001 INLIS000000000015621 =005 20130612110909 =008 ***********************************Indo** =035 ##$$0010-061300000015621 =041 ##$$a Indo =082 ##$$a 372.807.6 =090 ##$$a 372.807.6, Soa s =245 ##$$a Soal Dan Evaluasi Ilmu Pengetahuan Sosial Di Lengkapi Dengan Kunci Jawaban Jil.I kelas iii Caturwulan 1,2 dan 3 Sekolah Dasar Kurikulum Pendidikan Dasar 1994 sesuai GBPP, Tim Penulis,Sapso Legowo dkk =260 ##$$a 1999 $b Semarang =300 ##$$a v 82 hlm, 22 cm =650 ##$$a Pendidikan Dasar (SD)-IPS-Soal-Jawab =700 ##$$a Tim Penulis Sapto Legowo =850 ##$$a NBPNMAT